000 01073nam a2200289 i 4500
001 000039559
003 DO-SdBNP
005 20240503073631.0
007 ta
008 130708s19uu dr a 000 0 spa d
040 _aDO-SdBNP
_bspa
_cBNPHU
_erda
082 4 _a863.3
_bC419i, [19--]
_222
100 1 _aCervantes Saavedra, Miguel de,
_d1547-1616
_93070
245 1 3 _aEl ingenioso Hidalgo Don Quijote de la Mancha /
_cMiguel de Cervantes Saavedra ; versión y comentarios Laura G. Corella.
264 _aSanto Domingo :
_bCentral de libros,
_c[19--]
300 _a159 páginas ;
_cilustraciones ;
_c18 cm.
336 _2rdacontent
_atexto
_btxt
337 _2rdamedia
_asin mediación
_bn
338 _2rdacarrier
_avolumen
_bnc
500 _aFue asignado cutter por Cervantes para reunir colección en la estantería
590 _aInventariado, 2019/ YL
650 4 _aNovela española
_91123
650 4 _aLiteratura española
_9632
700 1 _a Cervantes Saavedra, Miguel de,
_965728
_d1547-1616.
910 _aValidado. Control de calidad MFF
942 _2ddc
_cLBS1
999 _c39049
_d39049